MARC

LEADER 00000nam0a2200000 4500
001 125924
005 20231031131605.0
035 |a (RuTPU)RU\TPU\book\136243 
090 |a 125924 
100 |a 20071122d1978 m y0rusy50 ca 
101 0 |a rus 
102 |a RU 
105 |a a j 001zy 
200 1 |a Формование сборных железобетонных изделий и конструкций  |e учебник  |f И. И. Колодзий 
205 |a 5-е изд., перераб. и доп. 
210 |a Москва  |c Высшая школа  |d 1978 
215 |a 288 с.  |c ил. 
225 1 |a Профтехобразование. Строительные материалы 
320 |a Библиогр.: с. 286. 
610 1 |a формование 
610 1 |a сборные железобетонные изделия 
610 1 |a конструкции 
610 1 |a производство 
610 1 |a механизация 
610 1 |a подготовка 
610 1 |a форма 
610 1 |a оборудование 
610 1 |a бетонные смеси 
610 1 |a изготовление 
610 1 |a твердение 
610 1 |a отделка 
610 1 |a хранение 
610 1 |a распалубка 
675 |a 666.982(075.3)  |v 3 
700 1 |a Колодзий  |b И. И.  |g Иосиф Иванович 
801 1 |a RU  |b 63413507  |c 20071122  |g PSBO 
801 2 |a RU  |b 63413507  |c 20080219  |g PSBO 
942 |c BK